| 000 | 00936cam a2200217 4500 | ||
|---|---|---|---|
| 001 | ABS65815 | ||
| 008 | 020910n2002 000 0 eng u | ||
| 035 | _a(Sirsi) u119659 | ||
| 100 | _aMcConnell, T. | ||
| 245 | _aRoom at the top | ||
| 260 | _c2002 | ||
| 490 |
_aProperty Week _v67(32) 16 August 2002, 32-38(5) |
||
| 520 | _aReport on the hotel industry and the increased interest investors are showing in this traditionally difficult sector. This has been caused over the last couple of years by a string of sale and leaseback deals that have won over the city. This contrasts with visitor numbers which have been disappointingly low this year with the expected boom in the Queen's jubilee year not having materialised. | ||
| 590 | _aABS | ||
| 650 | _aHOTELS | ||
| 650 | _aHOTEL SECTOR | ||
| 650 | _aINVESTORS | ||
| 650 | _aTRANSACTIONS | ||
| 690 | _aPROPERTY-COMMERCIAL PROPERTY-COMMERCIAL PROPERTY MARKET | ||
| 942 | _n0 | ||
| 999 |
_c71133 _d71133 |
||